01072nam a2200289 a 4500001001000000003000900010005001700019007000300036008004100039020001500080040003000095082001800125100004300143245014200186264004000328300002900368336002700397337003300424338002800457504003600485650003400521650004600555650004900601651003700650651005000687700004500737000005814DO-SdBPM20260327141739.0ta090824s2002 dr r 000 0 spa d a9993402877 aDO-SdBNPbspacBNPHUdrda a348.02bP438L1 aPérez Ramírez, Sucreeautor 4aut.10aLegislación y procedimientos municipales en la República Dominicana /cSucre Pérez Ramírez ; editor Almanzor González Canahuate aSanto Domingo :bCentenario,c2002. a704 páginas ;c24 cm. atextobtxt2rdacontent asin mediaciónbn2rdamedia avolumenbnc2rdacarrier aBibliográfia : páginas 705 7aLeyeszRepública Dominicana 7aDerecho municipalzRepública Dominicanaz aDominican Republic xPolitics and government 7aDerecho MunicipalxLegislación 7aRepública DominicanaxPolítica y gobierno1 aGonzález Canahuate, Almanzor,eeditor